| 000 | 00624nam a22001817a 4500 | ||
|---|---|---|---|
| 999 |
_c8295 _d8295 |
||
| 008 | 201106b ||||| |||| 00| 0 eng d | ||
| 040 | _aBMS College of Architecture | ||
| 100 | _aBembalgi, Shruti | ||
| 245 | _aRevitalization of urban core - A case of pinto circle - Hosur circle Hubli | ||
| 300 | _a47P. | ||
| 500 | _a1CF16AHD09 | ||
| 502 |
_8M.Arch (Habitat Design) _NBMS College of Architecture, Visvesvaraya Technological University (VTU) _aDissertation _d2018 |
||
| 650 | _aRevitalization | ||
| 700 |
_aMamtha P Raj _eGuide |
||
| 700 |
_aSadashiv Chakravarthy _eGuide |
||
| 700 | _aRachana Suraj | ||
| 942 |
_2ddc _cTHE |
||